Rappers to Rappers - Statistics

General Stats
  • This quiz has been taken 53 times
  • The average score is 9 of 20
Answer Stats
Song Rapper % Correct
All Eyez On Me (with Big Syke) 2Pac
91%
Still DRE Snoop Dogg
91%
California Love Dr. Dre
89%
Till I Collapse Eminem
87%
goosebumps Travis Scott
85%
PIMP (Remix) 50 Cent
77%
SICKO MODE Drake
74%
Love Game Kendrick Lamar
66%
21 Questions Nate Dogg
43%
ROCKSTAR DaBaby
40%
Beat Box 4 NLE Choppa
40%
Fuckin Problems 2 Chainz
23%
Racks In the Middle Roddy Ricch
13%
Big Drip (Remix) Lil Baby
11%
TEACH ME HOW TO DRILL Fivio Foreign
6%
Iced Out Lil Pump
6%
Stripper Name YG
6%
Shotta Flow 7 (Remix) Lil Mabu
4%
Last Time That I Checc'd Nipsey Hussle
4%
Beat Box 3 Spotemgottem
2%
No matching quizzes found
Score Distribution
Percent of People with Each Score
Percentile by Number Answered
Your Score History
You have not taken this quiz